| 000 | 00727nam a2200265 i 4500 | ||
|---|---|---|---|
| 001 | 11175 | ||
| 003 | ES-MaACL | ||
| 005 | 20230906150037.0 | ||
| 007 | t| | ||
| 008 | 960209s1995 sp ||||1| spa d | ||
| 020 | _a84-493-0031-2 | ||
| 080 | _a17:61 | ||
| 080 | _a61:17 | ||
| 100 | 1 |
_aEngelhardt, H. Tristram. _947219 |
|
| 245 | 1 | 4 |
_aLos Fundamentos de la bioética / _cH. Tristram Engelhardt. |
| 250 | _a[1ª ed.]. | ||
| 260 |
_aBarcelona : _bPaidós Ibérica, _c1995. |
||
| 300 |
_a545 p. ; _c22 cm. |
||
| 490 | 1 |
_aPaidós básica ; _v71 |
|
| 500 | _aIndices. | ||
| 650 | 4 |
_aBioética. _910569 |
|
| 830 | 0 |
_aPaidós básica ; _v71 _9178397 |
|
| 852 |
_aES-MaACL _jL-18514 _bR.124610 |
||
| 999 |
_c11175 _d11175 |
||